000 01336nam a2200265 a 4500
001 47975
003 BD-RjUL
005 20211209054432.0
008 160811s1963 bg ||||| |||| 00| 0 ben d
020 _c: PRs. 4.00
035 _a(BD-RjUL)48094
040 _aBD-RjUL
_bben
_cBD-RjUL
041 _aben
082 _223
_a891.4408
_bCHM 1963
100 1 _aচৌধুরী, মোহাম্মদ এয়াকুব আলী
_9127650
245 1 0 _aমোহাম্মদ এয়াকুব আলী চৌধুরীর পুস্তকাকারে-অপ্রকাশিত রচনাবলী /
_cচৌধুরী, মোহাম্মদ এয়াকুব আলী
260 _aঢাকা :
_bবাংলা একাডেমী,
_c১৯৬৩ [কার্তিক ১৩৭০ বাং.]
300 _a১৩৯ পৃ. ;
_c২১ সেমি.
490 _aআধুনিক সাহিত্য-গ্রন্থমালা ;
_v
650 _aবাংলা সাহিত্য
_vরচনাবলী
_9145415
650 _aBengali litterature
_vCollected works
_9145416
700 _aকাদির, আবদুল, সম্পাদক
_9233381
830 _aআধুনিক সাহিত্য-গ্রন্থমালা ;
_v
_9147684
942 _2ddc
_cBK
999 _c47975
_d47975